Notas biográficas de Manuel Pedro Peña (El ciudadano paraguayo) (Record no. 98466)

MARC details
000 -LEADER
campo de control de longitud fija 00868nam a2200217 i 4500
001 - NÚMERO DE CONTROL
campo de control 98466
003 - IDENTIFICADOR DE NÚMERO DE CONTROL
campo de control ES-MaACL
005 - FECHA Y HORA DE LA ÚLTIMA TRANSACCIÓN
campo de control 20251114135702.0
007 - CAMPO FIJO DE DESCRIPCIÓN FÍSICA--INFORMACIÓN GENERAL
campo de control de longitud fija t|
008 - DATOS DE LONGITUD FIJA--INFORMACIÓN GENERAL
campo de control de longitud fija 050912s1911 sp ||||1| spa d
080 ## - NÚMERO DE LA CLASIFICACIÓN DECIMAL UNIVERSAL
Número de la Clasificación Decimal Universal 929 Peña, Manuel Pedro
245 00 - MENCIÓN DEL TÍTULO
Título Notas biográficas de Manuel Pedro Peña (El ciudadano paraguayo)
Resto del título : conmemorando el centenario de su nacimiento,1811-1911.
260 ## - PUBLICACIÓN, DISTRIBUCIÓN, ETC.
Lugar de publicación, distribución, etc. [S.l. :
Nombre del editor, distribuidor, etc. s.n.],
Fecha de publicación, distribución, etc. 1911 (
Lugar de fabricación/manufactura [Buenos Aires] :
Fabricante Robles, Hernando y Cía)
300 ## - DESCRIPCIÓN FÍSICA
Extensión 52 p., [2 ] h. lám. ;
Dimensiones 23 cm.
500 ## - NOTA GENERAL
Nota general Retratos del biografiado.
530 ## - NOTA DISPONIBLE DE FORMULARIO FÍSICO ADICIONAL
Nota de formato físico adicional disponible Disponible también en sitio web.
600 17 - PUNTO DE ACCESO ADICIONAL DE MATERIA--NOMBRE DE PERSONA
Nombre de persona Peña, Manuel Pedro,
Fechas asociadas al nombre 1811-1867
Fuente del encabezamiento o término
9 (RLIN) 149149
852 ## - LOCALIZACIÓN
Ubicación ES-MaACL
Número de control de estantería T-1252-F-5
856 ## - LOCALIZACIÓN Y ACCESO ELECTRÓNICOS
Identificador Uniforme de Recursos <a href="http://bibliotecadigitalhispanica.bne.es:80/webclient/DeliveryManager?pid=2809231&custom_att_2=simple_viewer">http://bibliotecadigitalhispanica.bne.es:80/webclient/DeliveryManager?pid=2809231&custom_att_2=simple_viewer</a>
Nota pública Ir a la página
Holdings
Estatus retirado Estado de pérdida Estado de daño No para préstamo Colección Biblioteca de origen Biblioteca actual Ubicación en estantería Fecha de adquisición Fuente de adquisición Total de préstamos Signatura topográfica completa Código de barras Visto por última vez Precio de reemplazo Tipo de ítem Koha
        Colección de folletos Biblioteca del Ateneo de Madrid Biblioteca del Ateneo de Madrid Depósito folletos 17/01/2008     T-1252-F-5 1102791 23/02/2023 23/02/2023 Folleto